Joueurs de foot portugais - Statistiques

Statistiques générales
  • Ce quiz a été pris 154 fois
  • Le résultat moyen est 21 sur 30
Statistiques - réponses
Par images Réponse % Correct
Ronaldo
100%
Pepe
96%
Vitinha
93%
Joao Felix
92%
Leao
92%
Fernandes
89%
Nuno Mendes
89%
Bernardo Silva
88%
Figo
88%
Jota
88%
Eusebio
86%
Neves
86%
Ramos
86%
Quaresma
85%
Cancelo
82%
Nani
82%
Dias
80%
Danilo
73%
Pauleta
69%
Rui Patricio
64%
Moutinho
62%
Deco
61%
Guerreiro
59%
Rui Costa
56%
Coentrao
51%
Carvalho
48%
Nuno Gomes
25%
Vitor Baia
18%
Simao
15%
Couto
7%
Aucun quiz correspondant
Distribution des résultats
% des personnes avec chaque résultat
Percentile par nombre de réponses
Votre historique - résultats
Vous n’avez pas pris ce quiz